Statistiques concernant Mots de la langue française terminés par "barde"

Cliquez ici pour prendre le quiz!

Statistiques générales

  • Ce quiz a été pris 97 fois
  • Le résultat moyen est 5 sur 12

Statistiques - réponses

IndiceMot% Correct
poète celtebarde
93%
d'une province italiennelombarde
75%
bouche à feubombarde
65%
garde-fourambarde
61%
furieusefuribarde
49%
armehallebarde
49%
instrument de musiqueguimbarde
40%
jeune délinquante (familier)loubarde
36%
tuberculeusetubarde
16%
crédule, naïvejobarde
12%
fanfaronne, vaniteuseflambarde
8%
d'un peuple du Caucasekabarde
8%

Distribution des résultats

Percentile par nombre de réponses

% des personnes avec chaque résultat

Votre développement - résultats

Vous n’avez pas pris ce quiz